Country Flags of the World - Statistics

General Stats
  • This quiz has been taken 34 times
    18 since last reset
  • The average score is 92 of 200
Answer Stats
Picture Answer % Correct
Canada
100%
United States
100%
Ireland
92%
Italy
92%
Japan
92%
Liberia
92%
Malaysia
92%
South Korea
92%
Brazil
83%
Bulgaria
83%
Côte d'Ivoire/Ivory Coast
83%
Finland
83%
France
83%
Hungary
83%
Madagascar
83%
Netherlands
83%
Russia
83%
Sweden
83%
Bangladesh
75%
Greece
75%
Palau
75%
People's Republic of China
75%
Albania
67%
Belgium
67%
Bhutan
67%
Cyprus
67%
Denmark
67%
Dominican Republic
67%
Georgia
67%
Germany
67%
Iceland
67%
India
67%
Kosovo
67%
Lebanon
67%
Malta
67%
Myanmar
67%
Nepal
67%
Niger
67%
Norway
67%
Switzerland
67%
Türkiye
67%
Vatican City/Holy See
67%
Vietnam
67%
Algeria
58%
Austria
58%
Azerbaijan
58%
Barbados
58%
Burkina Faso
58%
Cameroon
58%
Democratic Republic of the Congo
58%
Egypt
58%
Hong Kong
58%
Indonesia
58%
Iran
58%
Iraq
58%
Jamaica
58%
Jordan
58%
Kenya
58%
Kuwait
58%
Maldives
58%
Mauritania
58%
Mexico
58%
Monaco
58%
Oman
58%
Pakistan
58%
Peru
58%
Poland
58%
San Marino
58%
Saudi Arabia
58%
Singapore
58%
South Africa
58%
Spain
58%
Syria
58%
Tonga
58%
Tunisia
58%
Turkmenistan
58%
Uzbekistan
58%
Yemen
58%
Comoros
50%
Eswatini
50%
Gabon
50%
Libya
50%
Palestine
50%
Papua New Guinea
50%
South Sudan
50%
Tajikistan
50%
United Arab Emirates
50%
Argentina
42%
Kazakhstan
42%
Malawi
42%
Nauru
42%
North Macedonia
42%
Philippines
42%
Sudan
42%
Uruguay
42%
Venezuela
42%
Angola
33%
Antigua and Barbuda
33%
Armenia
33%
Australia
33%
Bahamas
33%
Bahrain
33%
Belarus
33%
Belize
33%
Bosnia and Herzegovina
33%
Botswana
33%
Brunei
33%
Burundi
33%
Cambodia
33%
Cape Verde
33%
Chile
33%
Costa Rica
33%
Croatia
33%
Cuba
33%
Czechia
33%
Ecuador
33%
Eritrea
33%
Estonia
33%
Ethiopia
33%
Guinea
33%
Guyana
33%
Kiribati
33%
Kyrgyzstan
33%
Laos
33%
Liechtenstein
33%
Marshall Islands
33%
Mauritius
33%
Moldova
33%
Mongolia
33%
Montenegro
33%
Morocco
33%
Namibia
33%
Nigeria
33%
North Korea
33%
Panama
33%
Paraguay
33%
Portugal
33%
Republic of China
33%
Romania
33%
Rwanda
33%
Samoa
33%
São Tomé and Príncipe
33%
Serbia
33%
Seychelles
33%
Slovakia
33%
Slovenia
33%
Somalia
33%
Somaliland
33%
Sri Lanka
33%
Tanzania
33%
Thailand
33%
Timor-Leste/East Timor
33%
Trinidad and Tobago
33%
United Kingdom
33%
Vanuatu
33%
Zimbabwe
33%
Afghanistan
25%
Andorra
25%
Chad
25%
Colombia
25%
Djibouti
25%
Dominica
25%
El Salvador
25%
Equatorial Guinea
25%
Ghana
25%
Guatemala
25%
Guinea-Bissau
25%
Haiti
25%
Honduras
25%
Lesotho
25%
Lithuania
25%
Luxembourg
25%
Mali
25%
Micronesia
25%
Mozambique
25%
New Zealand
25%
Nicaragua
25%
Qatar
25%
Republic of the Congo
25%
Saint Kitts and Nevis
25%
Saint Lucia
25%
Saint Vincent and the Grenadines
25%
Senegal
25%
Sierra Leone
25%
Suriname
25%
Uganda
25%
Ukraine
25%
Western Sahara
25%
Zambia
25%
Benin
17%
Bolivia
17%
Central African Republic
17%
Fiji
17%
Grenada
17%
Latvia
17%
Sealand
17%
Solomon Islands
17%
The Gambia
17%
Togo
17%
Tuvalu
17%
No matching quizzes found
Score Distribution
Percent of People with Each Score
Percentile by Number Answered
Your Score History
You have not taken this quiz since the last reset